| 000 | 00795nas a2200229 4500 | ||
|---|---|---|---|
| 001 | BR8204657 | ||
| 003 | BR-BrBNA | ||
| 005 | 20231205085222.0 | ||
| 007 | ta | ||
| 008 | 230509b bl.|||p| |||| 00| 00por d | ||
| 040 |
_aBR-BrBNA _bpor _cBiblioteca Nacional de Agricultura |
||
| 041 | _a(Pt) | ||
| 072 | _aN10 | ||
| 100 | 1 | _aSoares, A.L.A. (Instituto Rio Grandense do Arroz, Porto Alegre (Brazil). Depto. de Obras e Assistencia Tecnica) | |
| 245 | 1 | _aMoiroes e postes - uma ideia para aumentar a duracao [Rio Grande do Sul, Brasil] | |
| 650 | _aENGENHARIA AGRICOLA | ||
| 650 | _aMOURAO | ||
| 650 | _aRIO GRANDE DO SUL | ||
| 773 | 0 |
_tLavoura Arrozeira (Brazil) _xISSN 0023-9143 _g(Sep 1982), v. 35(338) p. 23 _wBR8204657 |
|
| 909 |
_a202311 _bLúcia _c55 _dLúcia Elande |
||
| 942 |
_2AGRIS _n0 _cANA |
||
| 999 |
_c110061 _d110061 |
||